书目信息 |
| 书名: | Myfavourite wife | |
| 作者: | Tony parsons | |
| 分册号: | ||
| 分册名: | 出版地: | Great britain |
|
| 出版社: | Harpercollinspublishevs | |
| 出版时间: | 2008 | |
| 页数: | 374 | |
| 开本: | 22cm | |
| 丛书名: | ||
| 中图分类号: | ||
| 科图分类号: | ||
| 其他分类号: | I561.4 | |
| 主题词: | ||
| 电子资源: | ||
| 000 | 00398nam0 2200145 450 | |
| 001 | 202012200750 | |
| 005 | 20121107093442.0 | |
| 008 | 20010101s | |
| 020 | @a978-0-00-724765-3@c£12.99 | |
| 099 | @dI561.4@eT667 | |
| 245 | 10 | @aMyfavourite wife@cTony parsons |
| 260 | 0 | @aGreat britain@bHarpercollinspublishevs@c2008 |
| 300 | @a374@c22cm | |
| 905 | @b7782-3 | |
| 905 | @aTSG@dI561.4@eT667 | |
| Myfavourite wife / Tony parsons.-Great britain : Harpercollinspublishevs , 2008 |
| 374 ; 22cm |
| ISBN 978-0-00-724765-3£12.99 |
| ● |
| 相关链接 |
|
|
|
正题名:Myfavourite wife
索取号:I561.4/T667
 
预约/预借
| 序号 | 登录号 | 条形码 | 馆藏地/架位号 | 状态 | 备注 |
| 1 | 7782 | 300077823 | 文学库116/400A自科库 17排1列5层/ [索取号:I561.4/T667] | 在馆 | |
| 2 | 7783 | 300077832 | 文学库116/400A自科库 17排1列5层/ [索取号:I561.4/T667] | 在馆 |